CAD/CAM Computer- Aided Design and Manufacturing (Record no. 3870)

MARC details
000 -LEADER
fixed length control field 00363nam a2200145Ia 4500
008 - FIXED-LENGTH DATA ELEMENTS--GENERAL INFORMATION
fixed length control field 191201s2006 xx 000 0 und d
082 ## - DEWEY DECIMAL CLASSIFICATION NUMBER
Classification number 004.21
Item number GRC
100 ## - MAIN ENTRY--PERSONAL NAME
Personal name GROOVER, Mikell P
245 #0 - TITLE STATEMENT
Title CAD/CAM Computer- Aided Design and Manufacturing
250 ## - EDITION STATEMENT
Edition statement imp
260 ## - PUBLICATION, DISTRIBUTION, ETC. (IMPRINT)
Place of publication, distribution, etc N.Delhi
Name of publisher, distributor, etc Pearson
Date of publication, distribution, etc 2006
300 ## - PHYSICAL DESCRIPTION
Extent 511
650 ## - SUBJECT ADDED ENTRY--TOPICAL TERM
Topical term or geographic name as entry element B.Tech(TE)
942 ## - ADDED ENTRY ELEMENTS (KOHA)
Source of classification or shelving scheme Dewey Decimal Classification
Koha item type Text Books
Holdings
Withdrawn status Lost status Source of classification or shelving scheme Damaged status Not for loan Collection code Home library Current library Date acquired Source of acquisition Cost, normal purchase price Bill Number Total Checkouts Full call number Acc. no. / Barcode Date last seen Date last borrowed Bill Date Koha item type
    Dewey Decimal Classification     B.Tech(TE) PIET C-LIBRARY PIET C-LIBRARY 26/02/2009 Indian International Text Book 450.00 106 3 004.21 GRC 11783 29/10/2022 29/10/2022 28/01/2009 Text Books
    Dewey Decimal Classification     B.Tech(TE) PIET C-LIBRARY PIET C-LIBRARY 26/02/2009 Indian International Text Book 450.00 106   004.21 GRC 11784 07/06/2021   28/01/2009 Text Books
    Dewey Decimal Classification     B.Tech(TE) PIET C-LIBRARY PIET C-LIBRARY 26/02/2009 Indian International Text Book 450.00 106   004.21 GRC 11785 04/12/2019   28/01/2009 Text Books
    Dewey Decimal Classification     B.Tech(TE) PIET C-LIBRARY PIET C-LIBRARY 26/02/2009 Indian International Text Book 450.00 106   004.21 GRC 11786 04/12/2019   28/01/2009 Text Books
    Dewey Decimal Classification     B.Tech(TE) PIET C-LIBRARY PIET C-LIBRARY 26/02/2009 Indian International Text Book 450.00 106   004.21 GRC 11787 04/12/2019   28/01/2009 Text Books

Design & Developed by: PIET Central Library
R70 Miles Stone Pattikalyana Samalkha Panipat 132102
mail ID :- [email protected], Phone No:- 0180-2569700 Ex.216